000 00912pam a2200265 a 4500
001 3416162
003 OSt
005 20240710112414.0
008 900330s1991 nyua b 001 0 eng
010 _a 90035676
020 _a0060457147
040 _cmust
050 0 0 _aHM51
_b.S26 1991
082 0 0 _a301 SAN 1991
_220
100 1 _aSanderson, Stephen K.
_918629
245 1 0 _aMacrosociology :
_ban introduction to human societies /
_cStephen K. Sanderson.
250 _a2nd ed.
260 _aNew York :
_bHarperCollins,
_cc1991.
300 _axxii, 565 p. :
_bill. ;
_c24 cm.
504 _aIncludes bibliographical references (p. 517-540) and indexes.
650 0 _aMacrosociology.
_918630
906 _a7
_bcbc
_corignew
_d1
_eocip
_f19
_gy-gencatlg
942 _2ddc
_cO_SHELF
999 _c9145
_d9145